Подробности
| 000 -МАРКЕР |
| контрольное поле |
03723nam0a22003491 4500 |
| 001 - ИДЕНТИФИКАТОР ЗАПИСИ |
| контрольное поле |
rc\2913085 |
| 005 - ИДЕНТИФИКАТОР ВЕРСИИ |
| контрольное поле |
20110808200002.9 |
| 035 ## - ДРУГИЕ СИСТЕМНЫЕ НОМЕРА |
| Идентификатор записи |
(NLR Aleph) 007063665 |
| 100 ## - ДАННЫЕ ОБЩЕЙ ОБРАБОТКИ |
| Данные общей обработки |
20110808d1934 |||y0rusy50 ca |
| 101 0# - ЯЗЫК РЕСУРСА |
| Язык текста, звукозаписи и т.д. |
русский |
| 102 ## - СТРАНА ПУБЛИКАЦИИ ИЛИ ПРОИЗВОДСТВА |
| Страна публикации |
Российская Федерация |
| 105 ## - ПОЛЕ КОДИРОВАННЫХ ДАННЫХ: ТЕКСТОВЫЕ МАТЕРИАЛЫ, МОНОГРАФИЧЕСКИЕ |
| Кодированные данные о монографическом текстовом документе |
a z ||||| |
| 200 1# - ЗАГЛАВИЕ И СВЕДЕНИЯ ОБ ОТВЕТСТВЕННОСТИ |
| Основное заглавие |
Сборник научных трудов |
| Сведения, относящиеся к заглавию |
(Обогащение и металлургия золота и платины) |
| Первые сведения об ответственности |
Под ред. проф. И.Н. Плаксина и проф. С.М. Ясюкевича |
| 210 ## - ПУБЛИКАЦИЯ, РАСПРОСТРАНЕНИЕ И ДР. |
| Место издания, распространения и т.д. |
Москва |
| -- |
Ленинград |
| -- |
Свердловск |
| Имя издателя, распространителя и т. д. |
Металлургиздат |
| Дата издания, распространения и т.д. |
1934 |
| Место изготовления |
Ленинград |
| Имя изготовителя |
тип. им. Бухарина |
| 215 ## - ФИЗИЧЕСКАЯ ХАРАКТЕРИСТИКА |
| Специфическое обозначение материала и объем |
Обл., 152 с. |
| Другие сведения о физической характеристике |
граф., схем. |
| Размеры |
23х15 см |
| 327 1# - ПРИМЕЧАНИЯ О СОДЕРЖАНИИ |
| Текст примечания |
Содерж.: Ясюкевич С.М., Шафеев Ш.С. Извлечение металлов из отвалов Риддерской обогатительной фабрики.- Ясюкевич С.М., Шафеев Ш.С. К вопросу о рациональной схеме обогащения Риддерских золотосодержащих свинцовоцинковых руд.- Шафеев Ш.С. Флотационные опыты по подбору депрессантов для селективной флотации Риддерских руд.- Изучение распределения металлов в классах по крупности в продуктах флотации Риддерских руд.- Плаксин И.Н., Штамова С.М. Методика амальгамационной пробы на платину.- Плаксин И.Н., Шибаев С.В. Скорость растворения золота в цианистых растворах.- Плаксин И.Н., Шабарин С.В. Исследование шламов (эфелей) Сталинского рудника |
| 464 #0 - АНАЛИТИЧЕСКИЙ УРОВЕНЬ |
| Встроенное поле |
2001#$aИзвлечение металлов из отвалов Риддерской обогатительной фабрики |
| -- |
700#1$aЯсюкевич$bС.М.$4070 |
| -- |
701#1$aШафеев$bШ.С.$4070 |
| 464 #0 - АНАЛИТИЧЕСКИЙ УРОВЕНЬ |
| Встроенное поле |
2001#$aК вопросу о рациональной схеме обогащения Риддерских золотосодержащих свинцовоцинковых руд |
| -- |
700#1$aЯсюкевич$bС.М.$4070 |
| -- |
701#1$aШафеев$bШ.С.$4070 |
| 464 #0 - АНАЛИТИЧЕСКИЙ УРОВЕНЬ |
| Встроенное поле |
2001#$aФлотационные опыты по подбору депрессантов для селективной флотации Риддерских руд |
| -- |
700#1$aШафеев$bШ.С.$4070 |
| 464 #0 - АНАЛИТИЧЕСКИЙ УРОВЕНЬ |
| Встроенное поле |
2001#$aИзучение распределения металлов в классах по крупности в продуктах флотации Риддерских руд |
| 464 #0 - АНАЛИТИЧЕСКИЙ УРОВЕНЬ |
| Встроенное поле |
2001#$aМетодика амальгамационной пробы на платину |
| -- |
700#1$aПлаксин$bИ.Н.$4070 |
| -- |
701#1$aШтамова$bС.М.$4070 |
| 464 #0 - АНАЛИТИЧЕСКИЙ УРОВЕНЬ |
| Встроенное поле |
2001#$aСкорость растворения золота в цианистых растворах |
| -- |
700#1$aПлаксин$bИ.Н.$4070 |
| -- |
701#1$aШибаев$bС.В.$4070 |
| 464 #0 - АНАЛИТИЧЕСКИЙ УРОВЕНЬ |
| Встроенное поле |
2001#$aИсследование шламов (эфелей) Сталинского рудника |
| -- |
700#1$aПлаксин$bИ.Н.$4070 |
| -- |
701#1$aШабарин$bС.В.$4070 |
| 702 #1 - ИМЯ ЛИЦА - ВТОРИЧНАЯ ОТВЕТСТВЕННОСТЬ |
| Начальный элемент ввода |
Плаксин |
| Часть имени, кроме начального элемента ввода |
И. Н. |
| Расширение инициалов личного имени |
Игорь Николаевич |
| Код отношения |
Редактор |
| 702 #1 - ИМЯ ЛИЦА - ВТОРИЧНАЯ ОТВЕТСТВЕННОСТЬ |
| Начальный элемент ввода |
Ясюкевич |
| Часть имени, кроме начального элемента ввода |
С. М. |
| Код отношения |
Редактор |
| 710 02 - НАИМЕНОВАНИЕ ОРГАНИЗАЦИИ - ПЕРВИЧНАЯ ОТВЕТСТВЕННОСТЬ |
| Начальный элемент ввода |
Красноярский институт цветных металлов им. М.И. Калинина |
| 801 #0 - ИСТОЧНИК ЗАПИСИ |
| Страна |
Российская Федерация |
| Организация |
NLR |
| Правила каталогизации |
psbo |
| 801 #1 - ИСТОЧНИК ЗАПИСИ |
| Страна |
Российская Федерация |
| Организация |
ELAR |
| Источник данных |
rusmarc |
| 852 ## - МЕСТОНАХОЖДЕНИЕ И ШИФР ХРАНЕНИЯ |
| Идентификатор организации |
NLR |
| Шифр хранения (Call Number) |
34-4/2318 |
| 942 ## - ДОПОЛНИТЕЛЬНЫЕ ЭЛЕМЕНТЫ ЗАПИСИ (АБИС) |
| Тип экземпляра АБИС |
Книга |
| 980 ## - КОЛЛЕКЦИЯ |
| Название коллекции |
Национальная библиография |